Central Library OPAC University of Rajshahi

Rural women : (Record no. 35123)

MARC details
000 -LEADER
fixed length control field 00975nam a2200289 a 4500
001 - CONTROL NUMBER
control field 35123
003 - CONTROL NUMBER IDENTIFIER
rucl marc code BD-RjUL
005 - DATE AND TIME OF LATEST TRANSACTION
control field 20211209052250.0
008 - FIXED-LENGTH DATA ELEMENTS--GENERAL INFORMATION
fixed length control field 140521s1995 ii a b 001 0 eng
020 ## - INTERNATIONAL STANDARD BOOK NUMBER
International Standard Book Number 8124103119
035 ## - SYSTEM CONTROL NUMBER
System control number (BD-RjUL)35217
040 ## - CATALOGING SOURCE
Original cataloging agency DLC
Transcribing agency DLC
Language of cataloging eng
Modifying agency BD-RjUL
041 ## - LANGUAGE CODE
Language code of text/sound track or separate title eng
082 04 - DEWEY DECIMAL CLASSIFICATION NUMBER
Edition number 21
Classification number 307.14120954
Author mark and year KUR 1995
100 1# - MAIN ENTRY--PERSONAL NAME
Personal name Kumar, Shashi.
9 (RLIN) 106949
245 10 - TITLE STATEMENT
Title Rural women :
Remainder of title a system approach for income generation /
Statement of responsibility, etc. Shashi Kumar.
260 ## - PUBLICATION, DISTRIBUTION, ETC. (IMPRINT)
Place of publication, distribution, etc. New Delhi :
Name of publisher, distributor, etc. Har-Anand Publications,
Date of publication, distribution, etc. c1995.
300 ## - PHYSICAL DESCRIPTION
Pagination 164 p. :
Illustrations ill. ;
Size 22 cm.
504 ## - BIBLIOGRAPHY, ETC. NOTE
Bibliography, etc Includes bibliographical references (p. [157]-159) and index.
650 #0 - SUBJECT ADDED ENTRY--TOPICAL TERM
Topical term or geographic name as entry element Rural development
Geographic subdivision India
General subdivision Case studies.
9 (RLIN) 106950
Topical term or geographic name as entry element Women farmers
Geographic subdivision India
General subdivision Case studies.
9 (RLIN) 106951
Topical term or geographic name as entry element Mushroom culture
Geographic subdivision India
General subdivision Case studies.
9 (RLIN) 106952
Topical term or geographic name as entry element Floriculture
Geographic subdivision India
General subdivision Case studies.
9 (RLIN) 106953
942 ## - ADDED ENTRY ELEMENTS (KOHA)
Source of classification or shelving scheme Dewey Decimal Classification
Koha item type Books
Holdings
Lost status Source of classification or shelving scheme Damaged status Not for loan Collection code Permanent Location Current Location Shelving location Date acquired Source of acquisition Cost, normal purchase price Total Checkouts Full call number Date last seen Copy number Koha item type
  Dewey Decimal Classification   Not For Loan Non-fiction Central Library, University of Rajshahi Central Library, University of Rajshahi Reading Room 21/12/1999 Paragon Enterprise, Dhaka. 214.41   307.14120954 KUR 1995 21/05/2014 C-1 Books